000 00424nam a2200157Ia 4500
003 GCL
008 140319s9999 xx 000 0 ara d
040 _aGCL /
_cGCL
082 0 4 _a928.1
_bم ا
100 1 _aمحمود بن شريف
245 1 0 _aادب محمود تيمور للحقيقة و التاريخ /
_cمحمود بن شريف
300 _a165 ص
490 _a
650 0 4 _aالادباء
942 _2ddc
_cBK
999 _c40252
_d40252